Preach the word : (Record no. 927)

MARC details
000 -LEADER
fixed length control field 00720cam a2200241 a 4500
001 - CONTROL NUMBER
control field 2351542
003 - CONTROL NUMBER IDENTIFIER
control field GBCCL
005 - DATE AND TIME OF LATEST TRANSACTION
control field 20241126110349.0
008 - FIXED-LENGTH DATA ELEMENTS--GENERAL INFORMATION
fixed length control field 840606s1984 tnu b 000 0 eng
010 ## -
-- 83024021
040 ## - CATALOGING SOURCE
Original cataloging agency DLC
Transcribing agency DLC
Modifying agency DLC
-- OCoLC
050 00 -
-- BV4222
-- .P65 1984
082 00 - DEWEY DECIMAL CLASSIFICATION NUMBER
Classification number 251
Edition information 19
Item number BAR
100 ## - MAIN ENTRY--PERSONAL NAME
Relationship Barry, James C
245 00 - TITLE STATEMENT
Title Preach the word :
Statement of responsibility, etc. James C. Barry, author & compiler.
Remainder of title in love and power /
260 ## - PUBLICATION, DISTRIBUTION, ETC.
Place of publication, distribution, etc. Nashville, Tenn. :
Name of publisher, distributor, etc. Convention Press,
Date of publication, distribution, etc. c1986.
300 ## - PHYSICAL DESCRIPTION
Extent 127 p. ;
Dimensions 21 cm.
650 #0 - SUBJECT ADDED ENTRY--TOPICAL TERM
Topical term or geographic name entry element Preaching.
9 (RLIN) 404
650 #0 - SUBJECT ADDED ENTRY--TOPICAL TERM
Topical term or geographic name entry element Sermons, American.
9 (RLIN) 270
700 1# - ADDED ENTRY--PERSONAL NAME
Personal name Barry, James C.,
Dates associated with a name 1920-
9 (RLIN) 1479
906 ## - LOCAL DATA ELEMENT F, LDF (RLIN)
a 7
b cbc
c orignew
d 1
e ocip
f 19
g y-gencatlg
942 ## - ADDED ENTRY ELEMENTS (KOHA)
Source of classification or shelving scheme Dewey Decimal Classification
Koha item type Books
Koha issues (borrowed), all copies 1
Holdings
Withdrawn status Lost status Source of classification or shelving scheme Damaged status Not for loan Home library Current Library Shelving location Date acquired Total checkouts Full call number Barcode Date last seen Date last checked out Copy number Price effective from Koha item type
    Dewey Decimal Classification     GRACE BIBLE COLLEGE GRACE BIBLE COLLEGE Ministry & Mission 2017-03-27 1 251 BAR 008505 2025-05-01 2022-11-18 c.1 2017-03-27 Books
© Grace Bible College Library 2025